01787nam a22004337a 4500003000500000005001700005008004100022010001000063011001000073035001000083040000900093090001000102100003700112245012400149260004000273300002200313502007500335590003700410590004100447590004100488590004100529590004100570590004100611590004200652650002600694650005500720650003100775650002700806650004800833650004100881700003900922901000700961942000900968949004300977949005501020999001701075952013301092952012801225CHAP20220329141033.0971013s1996 r 00010 d a61662 a62634 a66809 cCHAP aTesis00aEspinosa Miranda, Adolfo.937962 aProducción y valor nutritivo de forrajeras nativas e introducidas en el área forestal del Pico de Orizaba, Veracruz aChapingo, Méx. :bEl autor,c1996 a84 h.b; gráfs. aTesis (Ing. Agr. Esp. en Zootecnia) -- UACH. Departamento de Zootecnia aALEPHb10c20130110lUCH01h1343 aBATCH-UPDb10c20130110lUCH01h0542 aBATCH-UPDb10c20130110lUCH01h2251 aBATCH-UPDb10c20130410lUCH01h0222 aBATCH-UPDb10c20130410lUCH01h1611 aBATCH-UPDb10c20130914lUCH01h1405 aCONVERSIONb10c20130109lUCH01h133314aFestuca ovina.94066414aGramíneasxMateria secaxDeterminación.95028114aLolium multiflorum.96750414aLolium perenne.96750514aPlantas forrajerasxValor nutritivo.98899214aPlantas forrajerasxVeracruz.9889940 aGonzaga Martínez, Javier.948636 aBK cFOLL bBCcTESd-152058eTS1h30812i66809si bBCcTESd33724000604013eTS2fc.2h30813i66809si c61662d61662 00102local4053708TESISaBCbBCcPA_TESISd2019-12-31fTESISl0p33724000604013r2019-12-31 00:00:00tc.2w2019-12-31yTESIS 00102local4051708TESISaBCbBCcPA_TESISd2019-12-31fTESISl0oTesisp-152058r2019-12-31 00:00:00w2019-12-31yTESIS